000 00401nam a2200181Ia 4500
001 24517
005 20260414151049.0
008 260414t2003||||xx |||||||||||||| ||spa||
041 _aESP
082 _a345.72
_bA157 T. 1
100 _aAlsina, Hugo
_eAUT
245 0 _aJuicio ordinario
_b
260 _c2003
300 _a
_c28 cm.
650 _aDER
654 _aCDE
942 _cLIB
_dJUS
_fJUS
_2ddc
_n
999 _c24517
_d24517